00825nam a22002417a 45000010005000000030006000050050017000110080041000280200018000690400029000870820010001161000012001262450077001382500033002152600046002483000049002945050008003435200118003515210029004695210020004986500031005186500034005497636FISKH20250729095816.0250729b cb ||||| |||| 00| 0 eng d a9781602141049 aFISKHbengcFISKHdFISKH a595.7 aPlayBac aIncredible insects ! :bEye-opening photos of amazing bugs /cBy PlayBac aFirst Printing, October 2009 aNew York : bPlay Bac Publishing, c2009. a96 pages : bcolor illustrations ;c26 cm .  aR  aPresents photographs of some of the most visually striking insects of the world along with facts about each one. 8 a750 bLexile estimate 8 aR bRaz-Plus  aInsects vJuvenile Fiction aPhotographsvJuvenile Fiction